00521nam a2200193Ia 4500999001500000003000400015005001700019008004100036020001800077040000900095082001900104100002500123245004600148250001200194260004700206300000900253650002100262942004400283 c8761d8761OSt20201008121957.0190216s9999||||xx |||||||||||||| ||und|| a9788120312203 coclc a004.165bBRE/I aBrey, Barry B 95468 0aThe Intel Microprocessors /cBarry B Brey a4th Ed. bPrentice Hall Of India,c2002.aNew Delhi: a907p aComputer Science cBK2ddch004.165iBRE/Ik004.165mBRE/I